000 00305nam a2200109Ia 4500
008 221030s9999 xx 000 0 und d
245 0 _aComparative Analysis of HDFC Mutual Funds with ICICI Prudential Fund & Reliance Mutual Fund
260 _bHDFC
_c0
300 _a77
650 _aManagement
942 _cTH
999 _c14898
_d14898